000 00667nam a2200253Ia 4500
003 OSt
005 20221006144632.0
006 a|||||r|||| 00| 0
007 ta
008 221006b |||||||| |||| 00| 0 eng d
020 _c
_5.00
024 _a12,202
037 _cTextual
040 _aEASL
_cEASL
_beng
041 _2eng
_aeng
082 _aV41.C778, K8
100 _aGERNET Jacques
245 0 _aAncient China
_b From the beginninggs to the empire
260 _aBerkeley
_bUniversity of California
_c1968
300 _a157p.
_ccm.
650 _aCEL
942 _hV41.C778, K8
_cTEXL
_2CC
999 _c1080288
_d1080288